| 000 | 00626nam a22002297a 4500 | ||
|---|---|---|---|
| 003 | OSt | ||
| 005 | 20220107122732.0 | ||
| 008 | 140403b xxu||||| |||| 00| 0 eng d | ||
| 020 | _a9788184046588 | ||
| 040 | _cIIITM-K | ||
| 082 | _a006.74P BEI/H | ||
| 100 |
_aBeighley, Lynn _93359 |
||
| 245 |
_aHead first PHP and SQL _cby Lynn Beighley; Michael Morrison |
||
| 260 |
_aMumbai, _bO'Reilly, _c2009. |
||
| 300 | _axxxviii, 774p. | ||
| 650 |
_aCOMPUTER SCIENCE _93360 |
||
| 650 |
_aDATABASE MANANAGEMENT SYSTEM _93361 |
||
| 650 |
_aPHP _93362 |
||
| 650 |
_aSQL _93366 |
||
| 700 |
_aMorrison, Michael _93364 |
||
| 942 |
_2ddc _cBK |
||
| 999 |
_c3641 _d3641 |
||